[Event "Schachfestival Open"]
[Site "Bad Woerishofen"]
[Date "2011.03.24"]
[Round "1.16"]
[White "Guggenberger, Guido"]
[Black "Eisenbeiser, Amadeus"]
[Result "0-1"]
[WhiteElo "2025"]
[BlackElo "2411"]
[PlyCount "90"]
[EventDate "2011.??.??"]

1. d4 f5 2. Nf3 Nf6 3. c3 g6 4. Bf4 Bg7 5. Nbd2 O-O 6. Qc2 d6 7. e4 e6 8. Bg5
h6 9. Bxf6 Qxf6 10. O-O-O Nc6 11. Bd3 e5 12. dxe5 dxe5 13. Rhe1 Kh8 14. Kb1 a6
15. Nc4 f4 16. Qe2 b5 17. Na3 Be6 18. Nd2 Rfd8 19. Bc2 Bf8 20. Bb3 Bxa3 21.
bxa3 Na5 22. Bd5 c6 23. Nb3 cxd5 24. Nxa5 dxe4 25. Nb3 Rac8 26. Kb2 Bf5 27. g4
fxg3 28. fxg3 h5 29. Qe3 Rxd1 30. Rxd1 Qc6 31. Na5 Qc7 32. Nb3 Rd8 33. Rxd8+
Qxd8 34. Qa7 Qd3 35. Qb8+ Kh7 36. Qxe5 e3 37. Qe7+ Kh6 38. a4 e2 39. h4 Qc2+
40. Ka3 Qxc3 41. Qg5+ Kh7 42. Qe7+ Qg7 43. Qxe2 Qf8+ 44. Kb2 bxa4 45. Na1 Qb4+
0-1

[Event "Schachfestival Open"]
[Site "Bad Woerishofen"]
[Date "2011.03.24"]
[Round "1.18"]
[White "Trebbin, Wolfhard"]
[Black "Bukal, Vladimir"]
[Result "0-1"]
[WhiteElo "2024"]
[BlackElo "2402"]
[PlyCount "66"]
[EventDate "2011.??.??"]

1. d4 e6 2. Nf3 c5 3. c3 Nf6 4. Nbd2 Nc6 5. e3 b6 6. Bd3 Be7 7. O-O O-O 8. a3
d5 9. e4 dxe4 10. Nxe4 cxd4 11. Nxf6+ Bxf6 12. Be4 Bb7 13. cxd4 Na5 14. Bxb7
Nxb7 15. Bf4 Rc8 16. Qa4 Na5 17. Rac1 Qd5 18. Rxc8 Rxc8 19. Rc1 Rxc1+ 20. Bxc1
Nc6 21. h3 h6 22. Be3 a5 23. Ne5 b5 24. Qc2 Bxe5 25. dxe5 Nxe5 26. Qc8+ Kh7 27.
Qc7 a4 28. Bf4 Nd3 29. Qxf7 Nxb2 30. g4 Nd3 31. Be3 Ne5 32. Qe8 Nf3+ 33. Kf1
Qd1+ 0-1

[Event "Schachfestival Open"]
[Site "Bad Woerishofen"]
[Date "2011.03.24"]
[Round "1.19"]
[White "Baumegger, Siegfried"]
[Black "Oud, Niek"]
[Result "1/2-1/2"]
[WhiteElo "2398"]
[BlackElo "2023"]
[PlyCount "71"]
[EventDate "2011.??.??"]

1. d4 d5 2. c4 e6 3. Nf3 Nf6 4. Nc3 Be7 5. Bg5 h6 6. Bh4 O-O 7. e3 c6 8. Qc2
Nbd7 9. Rd1 Re8 10. Bd3 dxc4 11. Bxc4 Nd5 12. Bxe7 Qxe7 13. O-O Nxc3 14. Qxc3
b6 15. e4 Bb7 16. Rfe1 Rac8 17. b4 c5 18. bxc5 bxc5 19. Bb5 Red8 20. Qa3 a6 21.
Bf1 Qf8 22. Rb1 Rb8 23. Bxa6 Bxa6 24. Qxa6 Rxb1 25. Rxb1 cxd4 26. Nxd4 Nc5 27.
Qc4 Nxe4 28. Nf3 Nd2 29. Nxd2 Rxd2 30. g3 Qa8 31. Qf4 Qxa2 32. Rb8+ Kh7 33.
Qxf7 Rd1+ 34. Kg2 Qd5+ 35. Kh3 Qf5+ 36. Qxf5+ 1/2-1/2

[Event "Schachfestival Open"]
[Site "Bad Woerishofen"]
[Date "2011.03.24"]
[Round "1.20"]
[White "Rebitzer, Winfried"]
[Black "Pirrot, Dieter"]
[Result "0-1"]
[WhiteElo "2023"]
[BlackElo "2393"]
[PlyCount "88"]
[EventDate "2011.??.??"]

1. e4 e6 2. d4 d5 3. Nd2 Nf6 4. e5 Nfd7 5. Bd3 c5 6. c3 Nc6 7. Ne2 cxd4 8. cxd4
f6 9. exf6 Nxf6 10. Nf3 Bd6 11. Bg5 O-O 12. O-O Qc7 13. Nc3 a6 14. Bh4 Nh5 15.
Ng5 g6 16. g3 Qg7 17. Be2 Nxd4 18. Bxh5 gxh5 19. f4 Bd7 20. Qxh5 h6 21. Nh3 e5
22. Nxd5 Bg4 23. Nf6+ Rxf6 24. Bxf6 Bxh5 25. Bxg7 Kxg7 26. fxe5 Bc5 27. Nf4 Be8
28. h3 Nc2+ 29. Kh2 Nxa1 30. Ne6+ Kg8 31. Nxc5 Rc8 32. Ne6 Nc2 33. Rf8+ Kh7 34.
Rf6 Ne3 35. Nf8+ Kg8 36. g4 Nd5 37. Rf2 Bf7 38. Nd7 Rc7 39. Nf6+ Nxf6 40. exf6
Bxa2 41. h4 Kf7 42. Kg3 Be6 43. g5 hxg5 44. hxg5 Rc5 0-1

[Event "Schachfestival Open"]
[Site "Bad Woerishofen"]
[Date "2011.03.24"]
[Round "1.1"]
[White "Rutz, Matthias"]
[Black "Tiviakov, Sergei"]
[Result "0-1"]
[WhiteElo "2077"]
[BlackElo "2624"]
[PlyCount "68"]
[EventDate "2011.??.??"]

1. d4 Nf6 2. Bg5 d5 3. e3 c5 4. c3 e6 5. Nd2 Nbd7 6. Ngf3 Be7 7. Bd3 Qc7 8. Bh4
b6 9. O-O Bb7 10. Re1 O-O 11. Rc1 Rad8 12. Bg3 Bd6 13. Bh4 Rc8 14. Bg3 Bxg3 15.
hxg3 e5 16. dxe5 Nxe5 17. Be2 Neg4 18. Nh2 Nxh2 19. Kxh2 Rfe8 20. Bf3 Rcd8 21.
Rh1 Qe7 22. Qc2 Ba6 23. Qa4 Bd3 24. Qf4 h6 25. g4 Rd6 26. Rhd1 Red8 27. Nf1 Ne4
28. Bxe4 dxe4 29. Ng3 Rd5 30. Nf5 Qf6 31. Kg3 g5 32. Qc7 R5d7 33. Nxh6+ Qxh6
34. Qe5 Qh4# 0-1

[Event "Schachfestival Open"]
[Site "?"]
[Date "2011.03.24"]
[Round "1.8"]
[White "Karpatchev, Alexandr"]
[Black "Fahnenschmidt Dr., Gerhard"]
[Result "1-0"]
[WhiteElo "2472"]
[BlackElo "2048"]
[PlyCount "61"]
[EventDate "2011.03.24"]

1. e4 c5 2. c3 Nf6 3. e5 Nd5 4. Nf3 Nc6 5. Bc4 Nb6 6. Bb3 d6 7. exd6 Qxd6 8.
Na3 Bf5 9. d4 cxd4 10. Nb5 Qg6 11. Nc7+ Kd8 12. Nxa8 Bd3 13. Nxb6 Qe4+ 14. Be3
axb6 15. Bd5 Qxd5 16. Qxd3 e5 17. Nxe5 Qxg2 18. Nxc6+ bxc6 19. Qxd4+ Kc7 20.
O-O-O Bc5 21. Qd7+ Kb8 22. Bf4+ Ka8 23. Rhe1 Qf3 24. Re8+ Rxe8 25. Qxe8+ Kb7
26. Qb8+ Ka6 27. a4 b5 28. Qa8+ Ba7 29. axb5+ Kxb5 30. Qb7+ Kc4 31. Qb4# 1-0

[Event "Schachfestival Open"]
[Site "Bad Woerishofen"]
[Date "2011.03.24"]
[Round "1.2"]
[White "Zubarev, Alexander"]
[Black "Knoll, Georg"]
[Result "1-0"]
[WhiteElo "2594"]
[BlackElo "2076"]
[PlyCount "59"]
[EventDate "2011.??.??"]

1. e4 g6 2. d4 Bg7 3. Nc3 d6 4. f4 a6 5. Nf3 Nd7 6. e5 Nh6 7. Bd3 O-O 8. Ne4 d5
9. Ng3 c5 10. c3 e6 11. h4 cxd4 12. cxd4 Nf5 13. Nxf5 gxf5 14. Rg1 Kh8 15. g4
fxg4 16. Ng5 f5 17. Nxe6 Qxh4+ 18. Kf1 Qh3+ 19. Kf2 Nxe5 20. fxe5 Qh4+ 21. Kg2
Qh3+ 22. Kf2 Bxe6 23. Rh1 g3+ 24. Kg1 Qg4 25. Qxg4 fxg4 26. Bxh7 Rae8 27. Bg5
Rf7 28. Rf1 Bxe5 29. Bd3+ Kg8 30. dxe5 1-0

[Event "Schachfestival Open"]
[Site "Bad Woerishofen"]
[Date "2011.03.24"]
[Round "1.5"]
[White "Dieckmann, Daniel"]
[Black "Zaja, Ivan"]
[Result "1-0"]
[WhiteElo "2054"]
[BlackElo "2494"]
[PlyCount "57"]
[EventDate "2011.??.??"]

1. e4 e6 2. Qe2 c5 3. g3 Nc6 4. c3 g6 5. Bg2 Bg7 6. d3 Nge7 7. Be3 b6 8. f4 d5
9. Bf2 Ba6 10. e5 g5 11. Nd2 gxf4 12. gxf4 Ng6 13. Bg3 h5 14. h4 Nce7 15. Bh3
Bh6 16. Qf3 Qd7 17. Ne2 Qb5 18. Nc4 dxc4 19. Qxa8+ Nc8 20. dxc4 Qxb2 21. Qc6+
Kf8 22. Rd1 Qxa2 23. f5 Qxc4 24. Rh2 exf5 25. Rd8+ Kg7 26. Qf6+ Kh7 27. Rxh8+
Nxh8 28. Bxf5+ Ng6 29. e6 1-0

[Event "Schachfestival Open"]
[Site "Bad Woerishofen"]
[Date "2011.03.24"]
[Round "1.88"]
[White "Schleime, Franz-Josef"]
[Black "Kretschel, Klaus"]
[Result "0-1"]
[WhiteElo "1781"]
[BlackElo "2112"]
[PlyCount "46"]
[EventDate "2011.??.??"]

1. d4 f5 2. Nc3 Nf6 3. Bg5 e6 4. e4 fxe4 5. Nxe4 Be7 6. Nxf6+ Bxf6 7. Qh5+ g6
8. Bxf6 Qxf6 9. Qe5 O-O 10. Nf3 d6 11. Qxf6 Rxf6 12. Bc4 Nc6 13. O-O Bd7 14.
Rae1 Kg7 15. Re2 Rxf3 16. gxf3 Nxd4 17. Re3 Rf8 18. Bd3 Nxf3+ 19. Kg2 Bc6 20.
Kg3 e5 21. c3 Rf4 22. Rd1 h5 23. Be2 Rg4+ 0-1

[Event "Schachfestival Senioren"]
[Site "Bad Woerishofen"]
[Date "2011.03.24"]
[Round "1.8"]
[White "Abegg, Beat"]
[Black "Trescher, Manfred"]
[Result "0-1"]
[WhiteElo "1899"]
[BlackElo "2215"]
[PlyCount "66"]
[EventDate "2011.??.??"]

1. d4 d5 2. c4 e6 3. Nf3 c6 4. e3 Nf6 5. b3 Bb4+ 6. Nbd2 Ne4 7. Bd3 f5 8. O-O
O-O 9. Qc2 Bd7 10. Bb2 Be8 11. a3 Bd6 12. Ne5 Nxd2 13. Qxd2 Bxe5 14. dxe5 dxc4
15. bxc4 c5 16. Rfd1 Ba4 17. Rdc1 Nc6 18. Qc3 Qa5 19. Bc2 Qxc3 20. Bxc3 Bxc2
21. Rxc2 Rad8 22. Kf1 f4 23. Ke2 fxe3 24. Kxe3 g5 25. Raa2 Rf4 26. Rd2 Rxd2 27.
Rxd2 Rxc4 28. Kd3 Ra4 29. Bb2 Nd4 30. Ke3 Kf7 31. g4 Ke7 32. h3 Nb5 33. Rd3 c4
0-1

[Event "Schachfestival Open"]
[Site "Bad Woerishofen"]
[Date "2011.03.24"]
[Round "1.87"]
[White "Schiffer, Steve"]
[Black "Titz, Waldemar"]
[Result "1-0"]
[WhiteElo "2116"]
[BlackElo "1783"]
[PlyCount "93"]
[EventDate "2011.??.??"]

1. e4 d6 2. d4 Nf6 3. Nc3 g6 4. Nf3 Bg7 5. Be2 c6 6. O-O O-O 7. h3 Nbd7 8. Be3
e5 9. Qd2 Re8 10. dxe5 Nxe5 11. Rfd1 Nxf3+ 12. Bxf3 Bf8 13. Bc5 Re6 14. Qf4 Ne8
15. Qg3 Qc7 16. Be3 Bg7 17. Rd3 Be5 18. Bf4 Qa5 19. Bxe5 Qxe5 20. Qxe5 Rxe5 21.
Rad1 f5 22. R3d2 fxe4 23. Nxe4 d5 24. Nc5 Nf6 25. c3 Re7 26. Rd4 b6 27. Rf4 Kg7
28. Nd3 Bf5 29. Nb4 Rc8 30. c4 dxc4 31. Nxc6 Rec7 32. Nd4 Rc5 33. g4 Bd7 34.
Ne2 Bc6 35. Rd6 Bxf3 36. Rxf3 Ne4 37. Rd7+ Kh6 38. h4 R8c7 39. g5+ Kh5 40. Rd4
Re7 41. Rf4 Nxg5 42. Ng3+ Kh6 43. hxg5+ Kxg5 44. Rxc4 Re1+ 45. Kg2 Rce5 46. Rf7
h5 47. f4+ 1-0

[Event "Schachfestival Open"]
[Site "Bad Woerishofen"]
[Date "2011.03.24"]
[Round "1.25"]
[White "Buchäckert, Jürgen"]
[Black "Grimberg, Boris"]
[Result "0-1"]
[WhiteElo "2002"]
[BlackElo "2333"]
[PlyCount "86"]
[EventDate "2011.??.??"]

1. e4 g6 2. d4 Bg7 3. Nc3 d6 4. Be3 a6 5. Bd3 Nd7 6. Nf3 c5 7. O-O cxd4 8. Bxd4
Ngf6 9. e5 dxe5 10. Nxe5 O-O 11. Nf3 Qc7 12. Re1 Nc5 13. Bc4 Ne6 14. Bxe6 Bxe6
15. Qe2 h6 16. h3 Rac8 17. Rac1 Qa5 18. a3 Rfd8 19. Qe5 b5 20. Qe3 Rd6 21. Bc5
Nd5 22. Nxd5 Rxd5 23. Bd4 Qd8 24. Bxg7 Kxg7 25. Ne5 Qd6 26. Nd3 Rd4 27. Red1
Bf5 28. Qe1 Bxd3 29. Rxd3 Rxd3 30. cxd3 Rxc1 31. Qxc1 Qxd3 32. Qc7 Qd1+ 33. Kh2
Qd6+ 34. Qxd6 exd6 35. Kg3 Kf6 36. Kf4 d5 37. g3 g5+ 38. Ke3 Ke5 39. Kd3 d4 40.
f3 f5 41. b3 h5 42. Kd2 g4 43. hxg4 hxg4 0-1

[Event "Schachfestival Open"]
[Site "Bad Woerishofen"]
[Date "2011.03.24"]
[Round "1.9"]
[White "Hauff, André"]
[Black "Kovacevic, Blazimir"]
[Result "0-1"]
[WhiteElo "2046"]
[BlackElo "2466"]
[PlyCount "84"]
[EventDate "2011.??.??"]

1. d4 e6 2. c4 d5 3. Nc3 Bb4 4. Nf3 Nf6 5. Bg5 Nbd7 6. e3 c5 7. cxd5 exd5 8.
Bd3 Qa5 9. O-O c4 10. Bf5 Bxc3 11. bxc3 O-O 12. Qc2 Re8 13. Bxf6 Nxf6 14. Ne5
Bxf5 15. Qxf5 Qxc3 16. g4 Re7 17. g5 Ne8 18. Ng4 Rd8 19. Kh1 g6 20. Nh6+ Kg7
21. Qh3 Qc2 22. Ng4 Qf5 23. Qh6+ Kg8 24. Qh4 Qf3+ 25. Kg1 Re4 26. h3 Rd6 27.
Qg3 Qxg3+ 28. fxg3 Kg7 29. Rab1 b6 30. Rf3 Re7 31. Rbf1 Rc7 32. Ne5 f6 33.
gxf6+ Rxf6 34. Kg2 b5 35. g4 b4 36. g5 Rxf3 37. Kxf3 Nd6 38. Rc1 a5 39. Nd3
Rf7+ 40. Nf4 Rf5 41. h4 a4 42. Ke2 Ne4 0-1

[Event "Schachfestival Open"]
[Site "Bad Woerishofen"]
[Date "2011.03.24"]
[Round "1.22"]
[White "Kerber, Alfred"]
[Black "Kilgus, Georg"]
[Result "0-1"]
[WhiteElo "2010"]
[BlackElo "2375"]
[PlyCount "62"]
[EventDate "2011.??.??"]

1. e4 e6 2. d4 d5 3. Nc3 Bb4 4. Qg4 Nf6 5. Qxg7 Rg8 6. Qh6 Nxe4 7. Qxh7 Rf8 8.
Bh6 Qf6 9. O-O-O Rh8 10. Nxe4 dxe4 11. Qxe4 Qxh6+ 12. f4 Nd7 13. d5 Bd6 14. Nh3
Nf6 15. Qe3 e5 16. Ng5 Ng4 17. Bb5+ Kf8 18. Qe2 a6 19. h3 axb5 20. hxg4 Qxh1
21. Rxh1 Rxh1+ 22. Kd2 exf4 23. a3 Bd7 24. Qf3 Re8 25. Ne4 Be5 26. c3 Rh4 27.
g5 Bf5 28. Qf2 Rh2 29. Qc5+ Kg7 30. Qxb5 Rxg2+ 31. Kc1 Rh8 0-1

[Event "Schachfestival Open"]
[Site "Bad Woerishofen"]
[Date "2011.03.25"]
[Round "2.1"]
[White "Tiviakov, Sergei"]
[Black "Lieb, Harald"]
[Result "1-0"]
[WhiteElo "2624"]
[BlackElo "2239"]
[PlyCount "53"]
[EventDate "2011.??.??"]

1. e4 e6 2. d4 d5 3. Nd2 Nf6 4. e5 Nfd7 5. c3 c5 6. Bd3 Nc6 7. Ne2 cxd4 8. cxd4
Nb6 9. O-O Bd7 10. f4 g6 11. Nf3 h5 12. Kh1 a5 13. a3 a4 14. Nc3 Na5 15. Bc2
Nac4 16. Ng5 Qc8 17. Rf3 Be7 18. Rh3 Rf8 19. Nxf7 Kxf7 20. Bxg6+ Kg7 21. Bxh5
Rg8 22. f5 exf5 23. Rg3+ Kh8 24. Bg6 Rg7 25. Qh5+ Kg8 26. Bf7+ Kf8 27. Qh8+ 1-0

[Event "Schachfestival Open"]
[Site "Bad Woerishofen"]
[Date "2011.03.25"]
[Round "2.3"]
[White "Nabaty, Tamir"]
[Black "Erenska-Barlo, Hanna"]
[Result "1-0"]
[WhiteElo "2581"]
[BlackElo "2236"]
[PlyCount "57"]
[EventDate "2011.??.??"]

1. e4 e6 2. d4 d5 3. Nc3 dxe4 4. Nxe4 Nd7 5. Nf3 Ngf6 6. Nxf6+ Nxf6 7. c3 Bd6
8. Bd3 c5 9. dxc5 Bxc5 10. Bg5 Qc7 11. Qe2 a6 12. O-O-O Bd7 13. Ne5 Ba4 14. Bc2
Bc6 15. Rhe1 Bb5 16. Qf3 Be7 17. Qh3 Nd5 18. Bxe7 Nxe7 19. Qh5 g6 20. Qh6 Rd8
21. Rxd8+ Qxd8 22. c4 Qa5 23. Rd1 Bc6 24. Ng4 Nf5 25. Bxf5 Qxf5 26. Qg7 Rf8 27.
Qd4 f6 28. Qa7 Kf7 29. Nh6+ 1-0

[Event "Schachfestival Open"]
[Site "Bad Woerishofen"]
[Date "2011.03.25"]
[Round "2.8"]
[White "Meijers, Viesturs"]
[Black "Krulich, Roman"]
[Result "1-0"]
[WhiteElo "2493"]
[BlackElo "2225"]
[PlyCount "51"]
[EventDate "2011.??.??"]

1. Nf3 d5 2. b3 f6 3. d4 Bf5 4. e3 Nd7 5. Bb2 Nh6 6. Nh4 Bg4 7. Be2 Bxe2 8.
Qxe2 g6 9. Qb5 e6 10. Qxb7 Nf7 11. Qa6 Bd6 12. Nc3 O-O 13. Nb5 e5 14. Qc6 f5
15. Nf3 e4 16. Nd2 Qg5 17. Nxd6 cxd6 18. Qxd7 Qxg2 19. Rf1 Qg4 20. Qe6 Rac8 21.
c3 Kg7 22. h3 Qh5 23. Qxd5 Ng5 24. h4 Nh3 25. Qxd6 f4 26. Qd7+ 1-0

[Event "Schachfestival Open"]
[Site "Bad Woerishofen"]
[Date "2011.03.25"]
[Round "2.10"]
[White "Nägele, Thomas"]
[Black "Huschenbeth, Niclas"]
[Result "1/2-1/2"]
[WhiteElo "2195"]
[BlackElo "2465"]
[PlyCount "102"]
[EventDate "2011.??.??"]

1. e4 c5 2. b3 d6 3. Bb2 e5 4. f4 exf4 5. Nf3 Bg4 6. Bb5+ Nd7 7. Nc3 Ngf6 8.
O-O Be7 9. h3 Bh5 10. Ne2 O-O 11. Bxd7 Qxd7 12. Nxf4 Bg6 13. d3 Nh5 14. Qd2
Rae8 15. Rae1 Ng3 16. Rf2 Bd8 17. Kh2 Nh5 18. Nxh5 Bxh5 19. g4 Bg6 20. c4 b5
21. Rg1 h6 22. h4 f6 23. h5 Bh7 24. Nh4 Rf7 25. Kh3 Be7 26. Nf5 Bf8 27. Ne3 Rb8
28. Nd5 Qd8 29. Rgf1 Be7 30. Qf4 Qd7 31. Bc1 Rff8 32. Qh2 a6 33. Bf4 Rbd8 34.
Qg3 Qe6 35. Qe3 Kh8 36. Qd2 b4 37. a4 bxa3 38. Qa5 Rb8 39. Qxa3 Rb7 40. Rb2
Rfb8 41. Qxa6 Rxb3 42. Rxb3 Rxb3 43. Qa8+ Bg8 44. Qe8 Qxe4 45. Bg3 Qxd3 46. Rg1
Qe4 47. Nxe7 Rxg3+ 48. Kxg3 Qe3+ 49. Kh4 Qf2+ 50. Kh3 Qf3+ 51. Kh2 Qf2+ 1/2-1/2

[Event "Schachfestival Open"]
[Site "Bad Woerishofen"]
[Date "2011.03.25"]
[Round "2.5"]
[White "Kveinys, Aloyzas"]
[Black "Schäfer, Michael"]
[Result "1/2-1/2"]
[WhiteElo "2506"]
[BlackElo "2231"]
[PlyCount "75"]
[EventDate "2011.??.??"]

1. d4 d5 2. c4 e6 3. Nc3 Nf6 4. cxd5 exd5 5. Bg5 c6 6. e3 Bf5 7. Qf3 Bg6 8.
Bxf6 Qxf6 9. Qxf6 gxf6 10. Kd2 Nd7 11. Bd3 Nb6 12. b3 Bb4 13. Nge2 Nc8 14. a3
Bxc3+ 15. Kxc3 Nd6 16. g4 Be4 17. Rhg1 h5 18. gxh5 Ke7 19. Nf4 Bf3 20. Rg3 Bxh5
21. f3 Rh6 22. Rag1 f5 23. h4 Kf6 24. Rh3 Rah8 25. Kd2 Ne8 26. b4 a6 27. a4 Nc7
28. Rc1 Ne6 29. Ne2 f4 30. exf4 Bg6 31. Rch1 Bf5 32. R3h2 Re8 33. h5 Ng7 34.
Ng3 Bxd3 35. Kxd3 Nf5 36. Nxf5 Kxf5 37. Rh4 f6 38. a5 1/2-1/2

[Event "Schachfestival Open"]
[Site "Bad Woerishofen"]
[Date "2011.03.25"]
[Round "2.9"]
[White "Tennstedt, Andreas"]
[Black "Karpatchev, Alexandr"]
[Result "0-1"]
[WhiteElo "2201"]
[BlackElo "2472"]
[PlyCount "68"]
[EventDate "2011.??.??"]

1. d4 d5 2. c4 dxc4 3. e4 e5 4. Nf3 exd4 5. Qxd4 Qxd4 6. Nxd4 Nf6 7. Nc3 Bc5 8.
Ndb5 Na6 9. Bf4 Be6 10. Bxc7 O-O 11. a3 Rac8 12. Bg3 Rfd8 13. Be2 Rd7 14. Rd1
Rxd1+ 15. Kxd1 Nb8 16. Nc7 Bd7 17. N7d5 b5 18. Nxf6+ gxf6 19. Nd5 Kg7 20. Bxb8
Rxb8 21. f3 f5 22. Kc2 Re8 23. Nc7 Re5 24. Rd1 Bc6 25. a4 bxa4 26. Bxc4 fxe4
27. f4 Re7 28. Nd5 Rb7 29. Nc3 a3 30. b3 Bb4 31. g3 Re7 32. Bd5 Rc7 33. Bc4 e3
34. Re1 Be4+ 0-1

[Event "Schachfestival Open"]
[Site "Bad Woerishofen"]
[Date "2011.03.25"]
[Round "2.13"]
[White "Gaponenko, Inna"]
[Black "Ballon, Günther Jan"]
[Result "1-0"]
[WhiteElo "2435"]
[BlackElo "2195"]
[PlyCount "69"]
[EventDate "2011.??.??"]

1. e4 e5 2. Nf3 Nc6 3. Bb5 g6 4. d4 exd4 5. c3 dxc3 6. Nxc3 Bg7 7. Bg5 f6 8.
Bf4 d6 9. O-O Bd7 10. Qb3 Nh6 11. Rad1 Nf7 12. Bc4 O-O 13. Qxb7 Na5 14. Qa6
Nxc4 15. Qxc4 Bg4 16. Rd3 Bxf3 17. Rxf3 Rb8 18. b3 Qd7 19. Nd5 c6 20. Qxc6 Rb7
21. Rc1 f5 22. exf5 gxf5 23. Rg3 Kh8 24. h3 Ne5 25. Qxd7 Rxd7 26. Rgc3 Ng6 27.
Rc7 Nxf4 28. Nxf4 Rxc7 29. Rxc7 Re8 30. Rxa7 Re1+ 31. Kh2 Be5 32. g3 Bxf4 33.
gxf4 Kg8 34. a4 Re4 35. Rb7 1-0

[Event "Schachfestival Open"]
[Site "Bad Woerishofen"]
[Date "2011.03.25"]
[Round "2.14"]
[White "Fiderer, Lukas"]
[Black "Siebrecht, Sebastian"]
[Result "0-1"]
[WhiteElo "2154"]
[BlackElo "2435"]
[PlyCount "110"]
[EventDate "2011.??.??"]

1. e4 g6 2. d4 Bg7 3. Nf3 c5 4. dxc5 Qa5+ 5. c3 Qxc5 6. Na3 d6 7. Bc4 Nf6 8.
Be3 Qc7 9. Ng5 O-O 10. Qb3 e6 11. Nb5 Qe7 12. Nxa7 d5 13. Nxc8 Rxc8 14. exd5
exd5 15. Bxd5 Nxd5 16. Qxd5 Nc6 17. O-O Ra5 18. Qb3 Rxg5 19. Bxg5 Qxg5 20. Qxb7
Qf5 21. a4 h5 22. a5 Be5 23. a6 Rc7 24. Qb6 Qf4 25. g3 Qf6 26. Qe3 Ra7 27. Ra4
Kg7 28. h4 Bb8 29. Qg5 Qe6 30. Qe3 Qb3 31. Rb4 Nxb4 32. Qd4+ Kh7 33. Qb6 Qd5
34. cxb4 Ra8 35. b5 Be5 36. Qa5 Bxb2 37. Qb4 Be5 38. Rb1 Kg7 39. b6 Rxa6 40. b7
Bb8 41. Qc3+ Kh7 42. Qb3 Qxb3 43. Rxb3 Kg7 44. Kg2 Kf6 45. Kf3 Ke7 46. Ke4 Kd6
47. Kf4 Ra5 48. f3 Kc6+ 49. Ke3 Ra4 50. Kf2 Ra7 51. g4 Rxb7 52. Rc3+ Kd5 53.
gxh5 gxh5 54. Ra3 Rb5 55. Ke3 Bd6 0-1

[Event "Schachfestival Open"]
[Site "Bad Woerishofen"]
[Date "2011.03.25"]
[Round "2.19"]
[White "Bukal, Vladimir"]
[Black "Guttenthaler, Franz"]
[Result "1-0"]
[WhiteElo "2402"]
[BlackElo "2164"]
[PlyCount "67"]
[EventDate "2011.??.??"]

1. d4 Nf6 2. c4 g6 3. g3 Bg7 4. Bg2 O-O 5. Nc3 d6 6. Nf3 Nbd7 7. O-O e5 8. e4
c6 9. h3 Re8 10. d5 Nc5 11. Re1 a5 12. Bf1 Qc7 13. Rb1 Nfd7 14. b3 f5 15. dxc6
bxc6 16. Nb5 cxb5 17. Qd5+ Kf8 18. Ng5 Nf6 19. Qxa8 Bd7 20. Qxe8+ Bxe8 21. b4
axb4 22. Be3 Nfxe4 23. Nxe4 Nxe4 24. cxb5 Qa5 25. b6 Bc6 26. Bg2 d5 27. Bxe4
fxe4 28. Rec1 Bb7 29. Bd2 Qxb6 30. Rxb4 Qa6 31. Rc7 Kg8 32. Rbxb7 Bf8 33. Rb8
Qd6 34. Bh6 1-0

[Event "Schachfestival Open"]
[Site "Bad Woerishofen"]
[Date "2011.03.25"]
[Round "2.23"]
[White "Bartels, Holger"]
[Black "Singer, Christoph"]
[Result "0-1"]
[WhiteElo "2133"]
[BlackElo "2373"]
[PlyCount "78"]
[EventDate "2011.??.??"]

1. e4 e5 2. Nf3 Nc6 3. Bc4 Bc5 4. c3 Nf6 5. d4 exd4 6. cxd4 Bb4+ 7. Bd2 Nxe4 8.
Bxf7+ Kxf7 9. Qb3+ Kf8 10. Bxb4+ Nxb4 11. Qxb4+ Qe7 12. Qxe7+ Kxe7 13. Nc3 Nxc3
14. bxc3 d6 15. O-O Bg4 16. Nd2 Kd7 17. Rfe1 Rhe8 18. Nc4 Rxe1+ 19. Rxe1 Be6
20. Ne3 Bxa2 21. Nf5 a5 22. Nxg7 a4 23. Ra1 Bf7 24. Nf5 a3 25. Ne3 a2 26. Kf1
Ra3 27. Nd1 c5 28. dxc5 dxc5 29. Ke2 b5 30. Kd2 Bg6 31. Kc1 Bb1 32. Kb2 Ra8 33.
Ne3 Re8 34. Kc1 Kc6 35. Kd2 Rd8+ 36. Kc1 Rd3 37. Nd1 Kd5 38. Ne3+ Ke4 39. Nd1
Kf4 0-1

[Event "Schachfestival Open"]
[Site "Bad Woerishofen"]
[Date "2011.03.25"]
[Round "2.24"]
[White "Deglmann, Ludwig"]
[Black "Kierzek, Matthias"]
[Result "1-0"]
[WhiteElo "2373"]
[BlackElo "2135"]
[PlyCount "81"]
[EventDate "2011.??.??"]

1. f4 d5 2. Nf3 Nf6 3. g3 g6 4. Bg2 Bg7 5. O-O O-O 6. d3 b6 7. h3 Bb7 8. g4 c5
9. Qe1 Nbd7 10. Nc3 d4 11. Nd1 Nd5 12. c4 Nb4 13. Qg3 Qc7 14. a3 Nc6 15. Nf2
Na5 16. b4 Nb3 17. Rb1 Nxc1 18. Rfxc1 h6 19. g5 h5 20. Nh4 Bxg2 21. Kxg2 e6 22.
Qf3 Rab8 23. Ne4 Rfc8 24. Rc2 Bf8 25. Ra2 Bg7 26. b5 Kh8 27. a4 a6 28. bxa6 Ra8
29. a5 Rxa6 30. axb6 Rxb6 31. Rba1 Rcb8 32. Ng3 Kg8 33. Qe4 Rb2 34. Rxb2 Rxb2
35. Kf3 Rb8 36. Ra6 Nb6 37. Ng2 Bf8 38. h4 Bd6 39. e3 dxe3 40. Nxe3 Bxf4 41.
Qxf4 1-0

[Event "Schachfestival Open"]
[Site "Bad Woerishofen"]
[Date "2011.03.25"]
[Round "2.27"]
[White "Klamp, Christoph"]
[Black "Schulze, Ulrich"]
[Result "1-0"]
[WhiteElo "2118"]
[BlackElo "2335"]
[PlyCount "81"]
[EventDate "2011.??.??"]

1. Nf3 c5 2. e4 d6 3. d4 cxd4 4. Nxd4 Nf6 5. Nc3 g6 6. Be3 Bg7 7. f3 Nc6 8. Qd2
O-O 9. Bc4 Bd7 10. h4 Rc8 11. Bb3 h5 12. O-O-O Ne5 13. Bg5 a6 14. g4 hxg4 15.
f4 Nc4 16. Qe2 b5 17. Bxf6 Bxf6 18. h5 e5 19. hxg6 exd4 20. Qh2 Bh4 21. Nd5
fxg6 22. Qxh4 Qxh4 23. Rxh4 Kg7 24. Bxc4 bxc4 25. Nb6 Rcd8 26. Nxd7 Rxd7 27.
Rxg4 d3 28. f5 Rf6 29. cxd3 cxd3 30. Rdg1 Rc7+ 31. Kd2 Rc2+ 32. Kxd3 Rxb2 33.
Rxg6+ Kf7 34. Rg7+ Kf8 35. Rg8+ Ke7 36. R1g2 Rb6 37. R2g7+ Rf7 38. Rg6 Rh7 39.
R8g7+ Rxg7 40. Rxg7+ Ke8 41. Ra7 1-0

[Event "Schachfestival Open"]
[Site "Bad Woerishofen"]
[Date "2011.03.25"]
[Round "2.35"]
[White "Blaeser, Romain"]
[Black "Ugolik, Vitalij"]
[Result "1/2-1/2"]
[WhiteElo "2082"]
[BlackElo "2247"]
[PlyCount "69"]
[EventDate "2011.??.??"]

1. d4 Nf6 2. Nf3 e6 3. Bf4 d5 4. Nbd2 Bd6 5. Bg3 O-O 6. e3 b6 7. Bd3 Bb7 8. O-O
Bxg3 9. hxg3 c5 10. c4 Nbd7 11. Rc1 Qe7 12. Qe2 cxd4 13. exd4 dxc4 14. Nxc4 Nd5
15. a3 Rac8 16. Nce5 N7f6 17. Ng5 h6 18. Nh3 Rxc1 19. Rxc1 Qd6 20. Rd1 Ne7 21.
Nf4 Nf5 22. Bxf5 exf5 23. Nc4 Qd8 24. Qe5 Be4 25. Nd6 Ng4 26. Ne6 Nxe5 27. Nxd8
Nd3 28. Nxe4 fxe4 29. Nc6 Nxb2 30. Rb1 Nc4 31. Nxa7 Ra8 32. Nb5 e3 33. fxe3
Nxe3 34. Rb3 Nd5 35. Nc3 1/2-1/2

[Event "Schachfestival Open"]
[Site "Bad Woerishofen"]
[Date "2011.03.25"]
[Round "2.59"]
[White "Lehmann, Edwin"]
[Black "Hauff, André"]
[Result "1-0"]
[WhiteElo "1908"]
[BlackElo "2046"]
[PlyCount "85"]
[EventDate "2011.??.??"]

1. b3 Nf6 2. Bb2 d6 3. e3 Nc6 4. Bb5 a6 5. Bxc6+ bxc6 6. d4 Bf5 7. Ne2 Qd7 8.
O-O h5 9. f3 d5 10. Nf4 g5 11. Nd3 g4 12. Nc5 Qc8 13. e4 dxe4 14. fxe4 Nxe4 15.
Nxe4 Bxe4 16. Qe2 Bg6 17. d5 Rg8 18. dxc6 Qe6 19. Qxe6 fxe6 20. Na3 Bg7 21.
Bxg7 Rxg7 22. Rae1 Bf5 23. Rf2 Rd8 24. Nc4 Rg8 25. Ne5 Rd6 26. Rfe2 Rg7 27. c4
Kf8 28. b4 Rg8 29. b5 axb5 30. cxb5 Kg7 31. a4 Ra8 32. Ra2 Rd5 33. Raa1 Kf6 34.
Nd7+ Kf7 35. Rec1 e5 36. Nc5 Ke8 37. a5 e4 38. b6 cxb6 39. axb6 Rxa1 40. Rxa1
Rxc5 41. b7 Rb5 42. Ra8+ Kf7 43. b8=Q 1-0

[Event "Schachfestival Nestoren"]
[Site "Bad Woerishofen"]
[Date "2011.03.25"]
[Round "2.2"]
[White "Hund, Gerhard"]
[Black "Meinhardt, Günter"]
[Result "1-0"]
[WhiteElo "2109"]
[BlackElo "1880"]
[PlyCount "81"]
[EventDate "2011.??.??"]

1. e4 e5 2. Nf3 Nc6 3. Bc4 Nf6 4. d3 Be7 5. O-O O-O 6. Nc3 d6 7. h3 Be6 8. Bxe6
fxe6 9. d4 Nxd4 10. Nxd4 exd4 11. Qxd4 e5 12. Qc4+ Kh8 13. Be3 c6 14. Rad1 Nh5
15. Ne2 Rf6 16. Qb3 b6 17. Kh2 Rg6 18. g4 Nf4 19. Nxf4 exf4 20. Bxf4 Bg5 21.
Bxg5 Qxg5 22. f4 Qh4 23. Qg3 Qxg3+ 24. Kxg3 Re6 25. Rfe1 g6 26. f5 gxf5 27.
exf5 Rxe1 28. Rxe1 d5 29. Re7 c5 30. Kf4 Kg8 31. g5 a6 32. f6 Rd8 33. Rg7+ Kh8
34. Rb7 b5 35. Rc7 c4 36. c3 a5 37. Ke5 b4 38. Rc5 a4 39. a3 d4 40. cxd4 bxa3
41. bxa3 1-0